Random Filipino to English Words #1 - Statistics

General Stats
  • This quiz has been taken 106 times
  • The average score is 19 of 25
Answer Stats
Filipino English % Correct
Tubig Water
97%
Mesa Table
94%
Puso Heart
91%
Kutsara Spoon
91%
Bola Ball
90%
Mundo World
90%
Hangin Air
89%
Kabayo Horse
87%
Mansanas Apple
86%
Butas Hole
85%
Dilaw Yellow
85%
Gabi Night
82%
Mag-aral Study
80%
Araw Sun
80%
Lupa Land
77%
Mapa Map
77%
Pakwan Watermelon
75%
Kayumanggi Brown
73%
Watawat Flag
72%
Panulat Pen
70%
Huli Last
67%
Palapag Floor
62%
Pala Shovel
61%
Kubeta Toilet
54%
Maganda Good
33%
No matching quizzes found
Score Distribution
Percent of People with Each Score
Percentile by Number Answered
Your Score History
You have not taken this quiz